000 01210nam a2200325 c 4500
001 58933
003 CO-BoRNBP
005 20250829202413.0
007 ta
008 210810r20152016sp a jr 000 0dspa d 0000000000spa00
020 _a9788494362507
040 _aCO-BoRNBP
_bspa
_erda
_cCO-BoRNBP
041 0 _aspa
082 0 4 _a321.8
_bP35c
_222
245 0 0 _aCómo puede ser la democracia /
_cidea y texto Equipo Plantel ; ilustraciones Marta Pina.
250 _aPrimera edición
_bSegunda impresión
264 1 _aValencia, España :
_bMedia Vaca,
_c2017
300 _a46 páginas sin numerar :
_bilustraciones a color
336 _atexto
_btxt
_2rdacontent
337 _asin mediación
_bn
_2rdamedia
338 _avolumen
_bnc
_2rdacarrier
490 0 _aLibros para mañana
_v1
500 _aEl material correspondiente a la dotación PNLB 2022, corresponde a la segunda reimpresión de 2017
521 _aRecomendado para un público mayor de 15 años
545 _aIncluye datos biográficos de la ilustradora al final del texto
650 0 7 _aDemocracia
_xAspectos sociales
_2lemb
_964439
650 0 7 _aEducación cívica
_2lemb
700 _aPina, Marta,
_d1981-
_eill
_964440
942 _2ddc
_cBK
999 _c58933
_d58933